000 01314nam a22003737a 4500
001 000019944
003 CHAP
005 20220329134330.0
008 971013s1978 r 00010 d
010 _a18904
011 _a19876
035 _a23961
040 _cCHAP
090 _aTesis
100 0 0 _aAlvarado Torres, José Pablo.
_94835
245 0 _aConstrucción de un analizador de redes de flujo laminar mediante analogía eléctrico-hidráulica /
_cpor José Pablo Alvarado Torres.
260 _aMonterrey, N.L., :
_bEl autor,
_c1978.
300 _a35 h. :
_b: ilus. ; gráfs.
502 _aTesis (Ing. Agrónomo Fitotecnista) -- Univ. Autónoma de Nuevo León. Fac. de Agronomía
590 _aALEPH
_b10
_c20130110
_lUCH01
_h1242
590 _aBATCH-UPD
_b10
_c20130110
_lUCH01
_h0031
590 _aBATCH-UPD
_b10
_c20130110
_lUCH01
_h1912
590 _aBATCH-UPD
_b10
_c20130409
_lUCH01
_h2014
590 _aBATCH-UPD
_b10
_c20130410
_lUCH01
_h1238
590 _aBATCH-UPD
_b10
_c20130914
_lUCH01
_h0255
590 _aCONVERSION
_b10
_c20130109
_lUCH01
_h1311
590 _aE11695DGD
_b10
_c20171020
_lUCH01
_h1001
650 1 4 _aAparatos e instrumentos cientificos.
_96199
650 1 4 _aFlujo laminar.
_941893
901 _aBK
942 _cTESIS
942 _n0
949 _bBC
_cTES
_d-55475
_eTS1
_i23961
_si
999 _c18904
_d18904